000 00348nam a2200157Ia 4500
003 Ost
005 20260225132543.0
008 260225s9999||||xx |||||||||||||| ||und||
040 _cfsic
041 _afre
082 _a440
100 _aDevelopment life
_eAuteur
245 0 _aPhilipe R newman /
245 0 _cDevelopment life
942 _cكتاب
999 _c33623
_d33623